[Event "St Petersburg White Nights op"]
[Site "St Petersburg"]
[Date "2009.06.13"]
[Round "5"]
[White "Yudin, Maksim"]
[Black "Kiseleva, Arina"]
[Result "1-0"]
[WhiteElo "2082"]
[BlackElo "1867"]
[PlyCount "111"]
[EventDate "2009.06.09"]
[EventType "swiss"]
[EventRounds "9"]
[EventCountry "RUS"]
[SourceTitle "EXT 2011"]
[Source "ChessBase"]
[SourceDate "2010.11.26"]
[SourceVersion "1"]
[SourceVersionDate "2010.11.26"]
[SourceQuality "1"]

1. e4 c6 2. d4 d5 3. Nc3 dxe4 4. Nxe4 Bf5 5. Ng3 Bg6 6. Nh3 h6 7. Nf4 Bh7 8. Bc4 Nf6 9. 0-0 e6 10. Re1 Be7 11. Bxe6 g5 12. Ngh5 0-0 13. Bb3 gxf4 14. Bxf4 Nxh5 15. Qxh5 Bg5 16. Be5 Nd7 17. h4 Nxe5 18. dxe5 Bxh4 19. g3 Bg5 20. Rad1 Qb6 21. Rd7 Qb4 22. c3 Qc5 23. Bxf7+ Kh8 24. e6 b5 25. e7 Bxe7 26. Rexe7 Qxh5 27. Bxh5 Bb1 28. Rxa7 Rxa7 29. Rxa7 Rd8 30. Bf3 Rd2 31. Bxc6 Rxb2 32. a4 bxa4 33. Rxa4 Rc2 34. Rc4 Kg7 35. Kg2 Kf6 36. Be4 Rc1 37. Rc6+ Kg5 38. Bxb1 Rxb1 39. c4 h5 40. f4+ Kf5 41. Rh6 Rb2+ 42. Kh3 Rc2 43. Rxh5+ Ke4 44. c5 Kf3 45. Rd5 Rc1 46. Kh4 Rh1+ 47. Kg5 Kxg3 48. Rd3+ Kf2 49. Rc3 Rh8 50. c6 Rc8 51. c7 Ke2 52. Kf6 Kd2 53. Rc6 Ke3 54. f5 Kd4 55. Ke6 Ke4 56. f6 1-0

[Event "St Petersburg June op"]
[Site "St Petersburg"]
[Date "2008.06.24"]
[Round "4"]
[White "Eidelson, Rakhil"]
[Black "Yudin, Maksim"]
[Result "1-0"]
[WhiteElo "2163"]
[BlackElo "2066"]
[PlyCount "81"]
[EventDate "2008.06.21"]
[EventType "swiss"]
[EventRounds "9"]
[EventCountry "RUS"]
[SourceTitle "CBM 125 Extra"]
[Source "ChessBase"]
[SourceDate "2008.09.01"]
[SourceVersion "1"]
[SourceVersionDate "2008.09.01"]
[SourceQuality "1"]

1. d4 d5 2. c4 e6 3. Nc3 c6 4. e3 Nf6 5. Nf3 Nbd7 6. Qc2 Be7 7. Be2 dxc4 8. Bxc4 b5 9. Bd3 a6 10. 0-0 Bb7 11. e4 c5 12. d5 c4 13. Be2 exd5 14. exd5 Bxd5 15. Nxd5 Nxd5 16. Rd1 N5f6 17. Ne5 Qc7 18. Nxd7 Nxd7 19. Qe4 Rc8 20. Bf4 Qc6 21. Qe3 Qe6 22. Qg3 Qg6 23. Qh3 Nb6 24. Bg4 Rd8 25. Rxd8+ Bxd8 26. Re1+ Be7 27. Bf5 Qc6 28. Be5 f6 29. Bd4 Nd7 30. Qh5+ Kd8 31. Qf7 Bb4 32. Rd1 Bd6 33. Qxg7 Re8 34. Bxd7 Qxd7 35. Qxf6+ Kc8 36. Qf3 Kb8 37. g3 Qc7 38. Be3 Be5 39. Qh5 Rf8 40. Bg5 Rf7 41. Bd8 1-0

[Event "St Petersburg March op"]
[Site "St Petersburg"]
[Date "2008.03.30"]
[Round "9"]
[White "Yudin, Maksim"]
[Black "Korchagina, Victoria"]
[Result "1-0"]
[WhiteElo "2066"]
[BlackElo "2147"]
[PlyCount "97"]
[EventDate "2008.03.22"]
[EventType "swiss"]
[EventRounds "9"]
[EventCountry "RUS"]
[SourceTitle "EXT 2010"]
[Source "ChessBase"]
[SourceDate "2010.11.25"]
[SourceVersion "1"]
[SourceVersionDate "2010.11.25"]
[SourceQuality "1"]

1. e4 c5 2. Nf3 d6 3. d4 Nf6 4. Nc3 cxd4 5. Nxd4 a6 6. f4 e6 7. Qf3 Be7 8. Be3 Qc7 9. 0-0-0 0-0 10. g4 b5 11. g5 Nfd7 12. Bd3 Nc6 13. h4 Bb7 14. h5 Nxd4 15. Bxd4 b4 16. Ne2 e5 17. Be3 exf4 18. Bxf4 Ne5 19. Bxe5 dxe5 20. Rdg1 a5 21. Qg4 a4 22. g6 h6 23. gxf7+ Rxf7 24. Qe6 Kh8 25. Kb1 Rf6 26. Qg4 Bf8 27. Rf1 Rd6 28. Rhg1 b3 29. Nc3 a3 30. axb3 axb2 31. Nb5 Qe7 32. Rxf8+ Qxf8 33. Nxd6 Ra1+ 34. Kxb2 Rxg1 35. Qxg1 Qxd6 36. Qe3 Bc8 37. Bc4 Qf6 38. Qa7 Be6 39. Qb6 Bxc4 40. Qxf6 gxf6 41. bxc4 Kg7 42. c5 Kf7 43. Kc3 Ke6 44. Kd3 f5 45. exf5+ Kxf5 46. c6 Ke6 47. Ke4 Kd6 48. c7 Kxc7 49. Kxe5 1-0

[Event "St Petersburg March op"]
[Site "St Petersburg"]
[Date "2008.03.25"]
[Round "4"]
[White "Glazov, Anatoly"]
[Black "Yudin, Maksim"]
[Result "1/2-1/2"]
[WhiteElo "1939"]
[BlackElo "2066"]
[PlyCount "90"]
[EventDate "2008.03.22"]
[EventType "swiss"]
[EventRounds "9"]
[EventCountry "RUS"]
[SourceTitle "EXT 2010"]
[Source "ChessBase"]
[SourceDate "2010.11.25"]
[SourceVersion "1"]
[SourceVersionDate "2010.11.25"]
[SourceQuality "1"]

1. d4 d5 2. c4 e6 3. Nf3 Nf6 4. Bg5 c6 5. Nbd2 Nbd7 6. Ne5 Qa5 7. f3 Nxe5 8. dxe5 dxc4 9. Bxf6 gxf6 10. exf6 Bh6 11. Qc2 b5 12. Qc3 Bxd2+ 13. Qxd2 Qxd2+ 14. Kxd2 Bb7 15. e4 0-0-0+ 16. Ke3 Kc7 17. g4 c5 18. Be2 Rd4 19. h4 e5 20. g5 Rg8 21. Rhg1 a6 22. a4 Kb6 23. h5 Bc6 24. a5+ Kc7 25. Rad1 Bb7 26. g6 hxg6 27. hxg6 fxg6 28. Rg5 Rxd1 29. Bxd1 Kd6 30. f7 Rf8 31. Rxg6+ Ke7 32. Rb6 Bc8 33. Rc6 Kxf7 34. f4 exf4+ 35. Kxf4 Ke7+ 36. Ke5 Kd7 37. Rxc5 Re8+ 38. Kd4 Kd6 39. e5+ Ke7 40. Rc7+ Kd8 41. Ra7 Rf8 42. Be2 Rf2 43. Ke3 Rf5 44. Ke4 Rf2 45. Ke3 Rf5 1/2-1/2

[Event "St Petersburg March op"]
[Site "St Petersburg"]
[Date "2008.03.23"]
[Round "2"]
[White "Orlov, Oleg"]
[Black "Yudin, Maksim"]
[Result "1-0"]
[WhiteElo "2285"]
[BlackElo "2066"]
[PlyCount "89"]
[EventDate "2008.03.22"]
[EventType "swiss"]
[EventRounds "9"]
[EventCountry "RUS"]
[SourceTitle "EXT 2010"]
[Source "ChessBase"]
[SourceDate "2010.11.25"]
[SourceVersion "1"]
[SourceVersionDate "2010.11.25"]
[SourceQuality "1"]

1. Nf3 d5 2. d4 Nf6 3. c4 e6 4. g3 Be7 5. Bg2 c6 6. Qc2 dxc4 7. Qxc4 Nbd7 8. 0-0 0-0 9. Rd1 e5 10. Nc3 exd4 11. Rxd4 Bc5 12. Rd1 Qe7 13. Bf4 Nb6 14. Qd3 Be6 15. Bd6 Qxd6 16. Qxd6 Bxd6 17. Rxd6 Rfd8 18. Rad1 Rxd6 19. Rxd6 Kf8 20. e4 Ke7 21. Rd1 h6 22. Nd4 Rd8 23. e5 Nfd5 24. Nxe6 fxe6 25. Ne4 Nc4 26. f4 Nce3 27. Rd2 Nxg2 28. Rxg2 Ne3 29. Re2 Rd1+ 30. Kf2 Nf5 31. g4 Nd4 32. Rd2 Rxd2+ 33. Nxd2 c5 34. Ne4 b6 35. Nd6 b5 36. Ke3 g6 37. Ke4 Kd7 38. Nf7 h5 39. h3 hxg4 40. hxg4 Nc6 41. Nd6 a6 42. Nb7 a5 43. Nxc5+ Ke7 44. Nb3 Kd7 45. Nd4 1-0